[Event "Remembrance Day op"]
[Site "Winnipeg CAN"]
[Date "2003.11.09"]
[Round "4"]
[White "Bist, Jordan"]
[Black "Anderson, George"]
[Result "0-1"]
[WhiteElo "1148"]
[BlackElo "1468"]
[PlyCount "66"]
[EventDate "2003.11.07"]
[EventType "swiss"]
[EventRounds "5"]
[EventCountry "CAN"]

1. c4 Nf6 2. Nc3 e6 3. g3 Nc6 4. d3 Bb4 5. Bd2 O-O 6. Bg2 Ng4 7. Nh3 f5 8. Bg5
Qe8 9. O-O a6 10. Qd2 e5 11. Bh6 Qg6 12. Bd5+ Kh8 13. Bg5 h6 14. f3 Bc5+ 15. e3
hxg5 16. fxg4 f4 17. Rae1 d6 18. Kh1 Bxg4 19. Qg2 Bxe3 20. Be4 Bxh3 21. Qxh3+
Qh6 22. Qxh6+ gxh6 23. Nd5 Bb6 24. gxf4 exf4 25. Rf3 Nd4 26. Rh3 Kg7 27. Ne7 c6
28. Ng6 Rf6 29. Ne7 Re8 30. Bf3 Re6 31. Bh5 R8xe7 32. Rg1 Nf5 33. Rg4 Re1+ 0-1

[Event "Remembrance Day op"]
[Site "Winnipeg CAN"]
[Date "2003.11.09"]
[Round "4"]
[White "Bist, Kent"]
[Black "Trueman, Francis"]
[Result "1-0"]
[WhiteElo "1598"]
[BlackElo "1509"]
[PlyCount "57"]
[EventDate "2003.11.07"]
[EventType "swiss"]
[EventRounds "5"]
[EventCountry "CAN"]

1. c4 e5 2. Nc3 Nf6 3. d3 d6 4. g3 Nbd7 5. Bg2 g6 6. e3 Bg7 7. Nge2 O-O 8. O-O
c6 9. f4 Re8 10. f5 Nf8 11. fxg6 hxg6 12. e4 Bg4 13. h3 Bd7 14. g4 N6h7 15. Ng3
Ne6 16. Be3 c5 17. Qd2 Nf4 18. Nd5 Nxd5 19. exd5 Bf6 20. Ne4 Be7 21. Bh6 f5 22.
gxf5 gxf5 23. Rxf5 Bxf5 24. Rf1 Bg6 25. Qe3 Bf8 26. Qg3 Bxh6 27. Qxg6+ Kh8 28.
Rf7 Nf8 29. Qxh6+ 1-0

[Event "Remembrance Day op"]
[Site "Winnipeg CAN"]
[Date "2003.11.09"]
[Round "4"]
[White "Gannon, Keith"]
[Black "Clory, Ron"]
[Result "1/2-1/2"]
[WhiteElo "1602"]
[BlackElo "1637"]
[PlyCount "112"]
[EventDate "2003.11.07"]
[EventType "swiss"]
[EventRounds "5"]
[EventCountry "CAN"]

1. Nf3 d6 2. c4 Nf6 3. d4 g6 4. Nc3 Bg7 5. e4 O-O 6. Be2 Nbd7 7. O-O e5 8. dxe5
dxe5 9. Re1 c6 10. b4 Qc7 11. a4 a5 12. b5 Nc5 13. Ba3 Rd8 14. Qc2 Ne6 15. Bf1
Nd4 16. Nxd4 exd4 17. e5 Ne8 18. Ne4 Bxe5 19. Bd6 Nxd6 20. b6 Qd7 21. Nc5 Qf5
22. Qxf5 Bxh2+ 23. Kxh2 Bxf5 24. Rad1 d3 25. Bxd3 Bxd3 26. Rxd3 Nxc4 27. Rxd8+
Rxd8 28. Nxb7 Rb8 29. Re7 Nxb6 30. Nxa5 Nxa4 31. Nxc6 Rb2 32. f3 Nc3 33. Re8+
Kg7 34. Nd4 Nd5 35. Re2 Rb4 36. Rd2 Nf4 37. Nc6 Rb5 38. g4 g5 39. Nd4 Rb6 40.
Nf5+ Kf6 41. Rd6+ Rxd6 42. Nxd6 h5 43. Ne4+ Kg6 44. gxh5+ Nxh5 45. Kg2 f5 46.
Nd2 Nf4+ 47. Kf2 Nd3+ 48. Ke3 Nf4 49. Nc4 Kh5 50. Ne5 Kh4 51. Kf2 Kh3 52. Nf7
Ne6 53. Nd6 f4 54. Ne4 g4 55. fxg4 Kxg4 56. Nf6+ Kf5 1/2-1/2

[Event "Remembrance Day op"]
[Site "Winnipeg CAN"]
[Date "2003.11.09"]
[Round "4"]
[White "Katona, John"]
[Black "Nikouline, Alexandre"]
[Result "0-1"]
[WhiteElo "1844"]
[BlackElo "1941"]
[PlyCount "40"]
[EventDate "2003.11.07"]
[EventType "swiss"]
[EventRounds "5"]
[EventCountry "CAN"]

1. e4 e6 2. d4 d5 3. Nd2 Be7 4. Ngf3 c5 5. exd5 Nf6 6. Bb5+ Bd7 7. Bxd7+ Qxd7
8. dxe6 Qxe6+ 9. Qe2 Qxe2+ 10. Kxe2 Nc6 11. dxc5 O-O-O 12. c3 Bxc5 13. Re1
Rhe8+ 14. Kf1 Rxe1+ 15. Kxe1 Ng4 16. h3 Nxf2 17. b4 Nd3+ 18. Kf1 Be3 19. Nb3
Nxc1 20. Nxc1 Rd1+ 0-1

[Event "Remembrance Day op"]
[Site "Winnipeg CAN"]
[Date "2003.11.09"]
[Round "4"]
[White "Magyar, Peter"]
[Black "Curtis, Rory"]
[Result "0-1"]
[WhiteElo "1694"]
[BlackElo "1726"]
[PlyCount "90"]
[EventDate "2003.11.07"]
[EventType "swiss"]
[EventRounds "5"]
[EventCountry "CAN"]

1. e4 e5 2. Nc3 Nf6 3. Bc4 Nxe4 4. Nxe4 d5 5. Bd3 dxe4 6. Bxe4 Bc5 7. Nf3 O-O
8. O-O f5 9. Bd3 e4 10. Bc4+ Kh8 11. Ne5 Qf6 12. d4 Bd6 13. Bf4 g5 14. Bxg5
Qxg5 15. Nf7+ Rxf7 16. Bxf7 Qf6 17. Qh5 Bd7 18. c3 Nc6 19. Bb3 Ne7 20. Rae1 Ng6
21. Qd1 Re8 22. g3 Nh4 23. gxh4 Qxh4 24. f4 Bxf4 25. Rf2 Bd6 26. Ree2 f4 27.
Qe1 f3 28. Re3 Bf4 29. Kh1 Bxe3 30. Qxe3 Qh3 31. Qg5 Qf5 32. Qe3 Rf8 33. d5 Qe5
34. Qc5 Rf6 35. Qe3 Bh3 36. c4 Bg2+ 37. Kg1 Rf4 38. c5 Rh4 39. Qc3 Qxc3 40.
bxc3 e3 41. Rb2 Rg4 42. Bd1 f2+ 43. Rxf2 exf2+ 44. Kxf2 Rg7 45. c4 Bh3 0-1

[Event "Remembrance Day op"]
[Site "Winnipeg CAN"]
[Date "2003.11.09"]
[Round "4"]
[White "Rutter, Blair"]
[Black "Gibson, Kris"]
[Result "0-1"]
[WhiteElo "1692"]
[BlackElo "1764"]
[PlyCount "56"]
[EventDate "2003.11.07"]
[EventType "swiss"]
[EventRounds "5"]
[EventCountry "CAN"]

1. d4 Nf6 2. c4 g6 3. Nc3 d5 4. Nf3 Bg4 5. e3 Bg7 6. Be2 O-O 7. O-O Nbd7 8.
cxd5 Bf5 9. Qb3 Nb6 10. Nh4 Be4 11. Nxe4 Nxe4 12. Bd3 Nd6 13. Nf3 f5 14. Re1
Kh8 15. Ng5 Rf6 16. Bd2 Bh6 17. Ne6 Qd7 18. a4 Ne4 19. Bxe4 fxe4 20. Nc5 Qf5
21. Rf1 Nxd5 22. Qxb7 Raf8 23. Rae1 Rb6 24. Qxa7 Rxb2 25. Qa5 Nb4 26. Bxb4 Rxf2
27. Qb5 Bxe3 28. Nxe4 Rxf1# 0-1

[Event "Remembrance Day op"]
[Site "Winnipeg CAN"]
[Date "2003.11.09"]
[Round "4"]
[White "Vincent, Trevor"]
[Black "Zaczek, Jonathan"]
[Result "0-1"]
[WhiteElo "2094"]
[BlackElo "1753"]
[PlyCount "50"]
[EventDate "2003.11.07"]
[EventType "swiss"]
[EventRounds "5"]
[EventCountry "CAN"]

1. c4 Nf6 2. g3 g6 3. Bg2 Bg7 4. Nc3 d6 5. d3 e5 6. e4 O-O 7. Nge2 Be6 8. O-O
Qd7 9. Rb1 Nc6 10. Nd5 Nh5 11. Be3 Rae8 12. d4 f5 13. Qd2 f4 14. gxf4 exd4 15.
Nxd4 Bxd5 16. cxd5 Nxd4 17. Bxd4 Bxd4 18. Qxd4 Nxf4 19. Bf3 Nh3+ 20. Kg2 Re5
21. Qe3 Ng5 22. Bd1 Rf3 23. Qxf3 Nxf3 24. Bxf3 Rg5+ 25. Kh1 Qh3 0-1

[Event "Remembrance Day op"]
[Site "Winnipeg CAN"]
[Date "2003.11.09"]
[Round "5"]
[White "Anderson, George"]
[Black "Gannon, Keith"]
[Result "1-0"]
[WhiteElo "1468"]
[BlackElo "1602"]
[PlyCount "38"]
[EventDate "2003.11.07"]
[EventType "swiss"]
[EventRounds "5"]
[EventCountry "CAN"]

1. b4 e6 2. Bb2 Nf6 3. b5 a6 4. c4 axb5 5. cxb5 b6 6. a4 Bb7 7. Nc3 d5 8. e3
Be7 9. Nf3 Nbd7 10. Bd3 Nc5 11. Bb1 Nfe4 12. Nxe4 Nxe4 13. Bxe4 dxe4 14. Ne5
O-O 15. O-O f6 16. Nc4 Bd5 17. d3 exd3 18. Qxd3 Bb4 19. Rfd1 Qe7 1-0

[Event "Remembrance Day op"]
[Site "Winnipeg CAN"]
[Date "2003.11.09"]
[Round "5"]
[White "Clory, Ron"]
[Black "Rutter, Blair"]
[Result "1/2-1/2"]
[WhiteElo "1637"]
[BlackElo "1692"]
[PlyCount "95"]
[EventDate "2003.11.07"]
[EventType "swiss"]
[EventRounds "5"]
[EventCountry "CAN"]

1. Nf3 d5 2. d3 c5 3. g3 Nc6 4. Bg2 g6 5. O-O Bg7 6. c3 Nf6 7. Nbd2 O-O 8. Re1
Re8 9. e4 e5 10. exd5 Nxd5 11. Ne4 b6 12. Bg5 Qd7 13. Qc2 Bb7 14. Rad1 h6 15.
Bc1 f5 16. Ned2 Kh7 17. a3 Nd8 18. Nc4 Nf7 19. Ne3 Nf6 20. b4 Bc6 21. Qa2 Rac8
22. c4 Qb7 23. Nh4 Bxg2 24. Nhxg2 Ng5 25. Nh4 Nh3+ 26. Kf1 Ng4 27. Nd5 Nhxf2
28. Rd2 Nh3 29. Kg2 Ng5 30. Rde2 Qf7 31. Bxg5 hxg5 32. Nf3 Bh6 33. h3 e4 34.
dxe4 Nf6 35. Nxf6+ Qxf6 36. exf5 Rxe2+ 37. Qxe2 gxf5 38. Qe7+ Qg7 39. Qxg7+
Kxg7 40. Re7+ Kf6 41. Rxa7 cxb4 42. Ra6 bxa3 43. Rxb6+ Kg7 44. Ra6 Rxc4 45.
Rxa3 Rc2+ 46. Kf1 g4 47. hxg4 fxg4 48. Ne5 1/2-1/2

[Event "Remembrance Day op"]
[Site "Winnipeg CAN"]
[Date "2003.11.09"]
[Round "5"]
[White "Gibbons, Lorne"]
[Black "Bist, Kent"]
[Result "1-0"]
[WhiteElo "1297"]
[BlackElo "1598"]
[PlyCount "41"]
[EventDate "2003.11.07"]
[EventType "swiss"]
[EventRounds "5"]
[EventCountry "CAN"]

1. d4 d5 2. c4 c6 3. Nc3 Bf5 4. Nf3 h6 5. Bf4 Nd7 6. e3 e6 7. a3 a5 8. h3 Ngf6
9. Bd3 Ne4 10. Qc2 Ndf6 11. O-O-O Nxf2 12. Qxf2 Ne4 13. Bxe4 dxe4 14. Nd2 a4
15. Ndxe4 Ra5 16. c5 b6 17. Qg3 g5 18. Bc7 Qe7 19. Bxb6 Ra8 20. Qf2 Bg7 21.
Nd6+ 1-0

[Event "Remembrance Day op"]
[Site "Winnipeg CAN"]
[Date "2003.11.09"]
[Round "5"]
[White "Hogeveen Rutter, Alexander"]
[Black "Katona, John"]
[Result "1/2-1/2"]
[WhiteElo "1735"]
[BlackElo "1844"]
[PlyCount "73"]
[EventDate "2003.11.07"]
[EventType "swiss"]
[EventRounds "5"]
[EventCountry "CAN"]

1. e4 c5 2. Nf3 d6 3. d4 cxd4 4. Nxd4 Nf6 5. Nc3 a6 6. Be2 e5 7. Nf3 h6 8. O-O
Be7 9. Re1 O-O 10. h3 Be6 11. a4 Nc6 12. Bf1 Rc8 13. b3 Qc7 14. Bb2 Rfd8 15.
Nd5 Bxd5 16. exd5 Nb8 17. c4 Nbd7 18. Bd3 Nc5 19. Bf5 Rb8 20. Nxe5 Qb6 21. Ng4
Nxg4 22. Qxg4 Bf8 23. Rab1 Re8 24. Rxe8 Rxe8 25. Bd4 Qb4 26. Qg3 Re1+ 27. Rxe1
Qxe1+ 28. Kh2 Qd1 29. Bxc5 dxc5 30. Bc8 b5 31. axb5 axb5 32. Bg4 Qd4 33. Qe3
Bd6+ 34. g3 Qxe3 35. fxe3 bxc4 36. bxc4 Kf8 37. Kg2 1/2-1/2

[Event "Remembrance Day op"]
[Site "Winnipeg CAN"]
[Date "2003.11.09"]
[Round "5"]
[White "Nikouline, Alexandre"]
[Black "Gibson, Kris"]
[Result "1-0"]
[WhiteElo "1941"]
[BlackElo "1764"]
[PlyCount "56"]
[EventDate "2003.11.07"]
[EventType "swiss"]
[EventRounds "5"]
[EventCountry "CAN"]

1. e4 c5 2. Nf3 e6 3. d4 cxd4 4. Nxd4 a6 5. Bd3 Nc6 6. Be3 Qc7 7. O-O Nf6 8.
Nc3 Be7 9. Kh1 h5 10. Nxc6 bxc6 11. f3 g5 12. Qd2 g4 13. Bf4 e5 14. Bg5 g3 15.
hxg3 Bb7 16. f4 O-O-O 17. fxe5 h4 18. gxh4 Ng4 19. Bxe7 Qxe5 20. g3 Qxe7 21.
Kg2 Rdg8 22. Rf5 Rxh4 23. Rh1 Rxh1 24. Kxh1 Rh8+ 25. Kg1 d5 26. Na4 dxe4 27.
Qf4 exd3 28. Nb6+ Kd8 1-0

[Event "Remembrance Day op"]
[Site "Winnipeg CAN"]
[Date "2003.11.09"]
[Round "5"]
[White "Trueman, Francis"]
[Black "Bist, Jordan"]
[Result "1-0"]
[WhiteElo "1509"]
[BlackElo "1148"]
[PlyCount "49"]
[EventDate "2003.11.07"]
[EventType "swiss"]
[EventRounds "5"]
[EventCountry "CAN"]

1. Nf3 c5 2. g3 Nc6 3. Bg2 g6 4. O-O Bg7 5. d3 d6 6. Nbd2 Nf6 7. Re1 O-O 8. e4
Be6 9. Nf1 Qb6 10. c3 Rad8 11. Qe2 d5 12. exd5 Nxd5 13. Ng5 Rd6 14. Ne3 h6 15.
Nxe6 fxe6 16. Nc4 Qc7 17. Nxd6 Qxd6 18. Qxe6+ Qxe6 19. Rxe6 Ne5 20. Bxd5 Nxd3
21. Re3+ e6 22. Bxe6+ Kh8 23. Rxd3 c4 24. Bxc4 g5 25. Rd7 1-0

[Event "Remembrance Day op"]
[Site "Winnipeg CAN"]
[Date "2003.11.09"]
[Round "5"]
[White "Vincent, Trevor"]
[Black "Magyar, Peter"]
[Result "1-0"]
[WhiteElo "2094"]
[BlackElo "1694"]
[PlyCount "35"]
[EventDate "2003.11.07"]
[EventType "swiss"]
[EventRounds "5"]
[EventCountry "CAN"]

1. c4 b6 2. Nc3 Bb7 3. e4 e6 4. g3 Nf6 5. Bg2 Bb4 6. Nge2 O-O 7. O-O Be7 8. d4
Nc6 9. h3 d6 10. Be3 Nd7 11. Qd2 f5 12. Nf4 Rf6 13. exf5 exf5 14. Ncd5 Rf7 15.
Ne6 Qc8 16. Nexc7 Rb8 17. Nb5 Bf6 18. Nxd6 1-0

[Event "Remembrance Day op"]
[Site "Winnipeg CAN"]
[Date "2003.11.09"]
[Round "5"]
[White "Zaczek, Jonathan"]
[Black "Curtis, Rory"]
[Result "1-0"]
[WhiteElo "1753"]
[BlackElo "1726"]
[PlyCount "45"]
[EventDate "2003.11.07"]
[EventType "swiss"]
[EventRounds "5"]
[EventCountry "CAN"]

1. e4 e5 2. Nf3 d6 3. Bc4 Be7 4. d4 Nf6 5. dxe5 Nxe4 6. Qd5 O-O 7. Qxe4 dxe5 8.
Nxe5 Bd6 9. Nxf7 Rxf7 10. Bxf7+ Kxf7 11. O-O Nc6 12. Nc3 Ne7 13. Bg5 Bd7 14.
Nd5 Bc6 15. Bxe7 Bxe7 16. Qxe7+ Qxe7 17. Nxe7 Kxe7 18. Rad1 b6 19. Rfe1+ Kf6
20. f3 g5 21. Kf2 h5 22. Rd2 Rg8 23. Rde2 1-0

[Event "Retrouvailles"]
[Site "Montreal CAN"]
[Date "2003.05.31"]
[Round "1"]
[White "Dorion, Paul"]
[Black "Berube, Richard"]
[Result "1-0"]
[WhiteElo "2048"]
[BlackElo "2378"]
[PlyCount "103"]
[EventDate "2003.05.31"]
[EventType "tourn"]
[EventRounds "3"]
[EventCountry "CAN"]

1. d4 Nf6 2. c4 e6 3. Nc3 Bb4 4. e3 b6 5. Bd3 Bb7 6. Nf3 Bxc3+ 7. bxc3 O-O 8.
O-O Ne4 9. Qc2 f5 10. Nd2 Qh4 11. f3 Nxd2 12. Bxd2 d6 13. Rae1 Nd7 14. g3 Qh5
15. e4 fxe4 16. Bxe4 d5 17. cxd5 exd5 18. Bd3 Rae8 19. Rxe8 Rxe8 20. Bf4 c6 21.
Qd2 Bc8 22. Re1 Rxe1+ 23. Qxe1 Nf8 24. Qe3 Ne6 25. g4 Qf7 26. Bg3 c5 27. Bf5
cxd4 28. cxd4 Bd7 29. Kg2 Nf8 30. Bc2 Qe6 31. Qd3 b5 32. h4 Qc6 33. Qd2 b4 34.
h5 a5 35. Be5 a4 36. Kg3 h6 37. g5 Qe6 38. gxh6 Qxh6 39. Qxb4 Qg5+ 40. Kf2 Qh4+
41. Bg3 Qxh5 42. Bxa4 Qf5 43. Bb3 Qd3 44. Bxd5+ Be6 45. Be4 Qd1 46. a4 Bh3 47.
Qc4+ Ne6 48. Qc8+ Kf7 49. Qd7+ Kf6 50. Be5+ Kg5 51. Qe7+ Kh5 52. Qf7+ 1-0

[Event "Retrouvailles"]
[Site "Montreal CAN"]
[Date "2003.05.31"]
[Round "1"]
[White "Langlois, Charles"]
[Black "Abreu Cordero, Jose"]
[Result "1-0"]
[WhiteElo "2101"]
[BlackElo "2084"]
[PlyCount "93"]
[EventDate "2003.05.31"]
[EventType "tourn"]
[EventRounds "3"]
[EventCountry "CAN"]

1. Nf3 e6 2. b3 d5 3. Bb2 Nf6 4. e3 c5 5. Bb5+ Bd7 6. Qe2 a6 7. Bxd7+ Nbxd7 8.
O-O Qc7 9. d3 Be7 10. Nbd2 O-O 11. e4 d4 12. a4 Rfe8 13. a5 Nf8 14. Nc4 N6d7
15. Bc1 e5 16. h4 Ne6 17. g3 Bf8 18. Kg2 g6 19. h5 Bg7 20. Rh1 Bf6 21. Bh6 Re7
22. Qd2 Qc6 23. Rh3 Ng7 24. g4 Ne6 25. Rah1 Rae8 26. Kf1 Nef8 27. Bxf8 Nxf8 28.
Nb6 Re6 29. Nd5 Bd8 30. Ng5 Bxg5 31. Qxg5 f6 32. Qh6 g5 33. Rf3 Nd7 34. Rf5 Qd6
35. Nxf6+ Rxf6 36. Rxg5+ Kf7 37. Qxh7+ Ke6 38. Rg7 Qf8 39. g5 Rf7 40. h6 Rxg7
41. hxg7 Qf7 42. Qf5+ Ke7 43. Rh8 Rg8 44. Rxg8 Qxg8 45. Qg6 Kd8 46. Qh6 Ke7 47.
Qh8 1-0

[Event "Retrouvailles"]
[Site "Montreal CAN"]
[Date "2003.06.01"]
[Round "2"]
[White "Berube, Richard"]
[Black "Abreu Cordero, Jose"]
[Result "1-0"]
[WhiteElo "2378"]
[BlackElo "2084"]
[PlyCount "39"]
[EventDate "2003.05.31"]
[EventType "tourn"]
[EventRounds "3"]
[EventCountry "CAN"]

1. e4 c5 2. Nf3 Nc6 3. d4 cxd4 4. Nxd4 d6 5. Nc3 Nf6 6. Bc4 e6 7. Be3 Be7 8.
Qe2 a6 9. Bb3 Qc7 10. O-O-O Bd7 11. g4 Nxd4 12. Rxd4 e5 13. Rc4 Qd8 14. g5 Ng8
15. Nd5 Kf8 16. Bb6 Bxg5+ 17. Kb1 Qe8 18. Nc7 Qb8 19. Nxa8 Qxa8 20. Qh5 1-0

[Event "Retrouvailles"]
[Site "Montreal CAN"]
[Date "2003.06.01"]
[Round "2"]
[White "Dorion, Paul"]
[Black "Langlois, Charles"]
[Result "1/2-1/2"]
[WhiteElo "2048"]
[BlackElo "2101"]
[PlyCount "61"]
[EventDate "2003.05.31"]
[EventType "tourn"]
[EventRounds "3"]
[EventCountry "CAN"]

1. d4 g6 2. c4 Bg7 3. Nc3 Nf6 4. e4 d6 5. Nf3 O-O 6. Be2 Bg4 7. O-O Nfd7 8. h3
Bxf3 9. Bxf3 Nc6 10. Be3 e5 11. Ne2 exd4 12. Bxd4 Nxd4 13. Nxd4 Bxd4 14. Qxd4
Qf6 15. Qd2 a5 16. Rfe1 Rfe8 17. Rad1 Nc5 18. b3 Re5 19. Re3 b6 20. g3 Rae8 21.
Rde1 h5 22. Bg2 g5 23. Qe2 Qg6 24. Kh1 g4 25. h4 f5 26. exf5 Qxf5 27. Qd2 Ne4
28. Bxe4 Rxe4 29. Qc2 Rxe3 30. Qxf5 Rxe1+ 31. Kg2 1/2-1/2

[Event "Rimouski op"]
[Site "Rimouski CAN"]
[Date "2003.05.16"]
[Round "1"]
[White "Deschenes, Marc-Andre"]
[Black "Bourgault, Daniel"]
[Result "0-1"]
[WhiteElo "1240"]
[BlackElo "1247"]
[PlyCount "56"]
[EventDate "2003.05.16"]
[EventType "swiss"]
[EventRounds "5"]
[EventCountry "CAN"]

1. e4 c5 2. d4 cxd4 3. Qxd4 Nc6 4. Qc4 Nf6 5. Nc3 e6 6. Qe2 Nd4 7. Qd3 e5 8. f4
d6 9. Nf3 Nxf3+ 10. Qxf3 Be7 11. Bb5+ Bd7 12. Bxd7+ Qxd7 13. O-O Qc6 14. f5 O-O
15. Bg5 Rac8 16. Nd5 Nxd5 17. exd5 Qc5+ 18. Be3 Qxc2 19. Qg3 Bf6 20. Bg5 Bxg5
21. Qxg5 f6 22. Qc1 Qe4 23. Qd1 Rc2 24. Rf3 Rfc8 25. b3 R8c5 26. Qd3 Rc1+ 27.
Rxc1 Rxc1+ 28. Kf2 Qe1# 0-1

[Event "Rimouski op"]
[Site "Rimouski CAN"]
[Date "2003.05.16"]
[Round "1"]
[White "Laberge, Jean-Denis"]
[Black "Sauve, Richard"]
[Result "0-1"]
[WhiteElo "1602"]
[BlackElo "2047"]
[PlyCount "98"]
[EventDate "2003.05.16"]
[EventType "swiss"]
[EventRounds "5"]
[EventCountry "CAN"]

1. d4 e6 2. c4 d5 3. Nc3 c6 4. Nf3 dxc4 5. a4 Bb4 6. e3 b5 7. axb5 cxb5 8. Bd2
Bxc3 9. Bxc3 Qd5 10. Be2 Bb7 11. O-O Nf6 12. Bb4 Nc6 13. Bc5 Ne4 14. b3 cxb3
15. Bxb5 Nxc5 16. dxc5 Qxc5 17. Qxb3 O-O 18. Rfc1 Qb6 19. Qa4 Rfc8 20. Rc2 Ne7
21. Nd4 Rxc2 22. Nxc2 Nd5 23. Ra3 Rc8 24. Bf1 Ra8 25. h3 h6 26. Rb3 Qc6 27.
Qxc6 Bxc6 28. Nd4 Bd7 29. Ba6 Nb6 30. Ra3 Rb8 31. Bb5 Bxb5 32. Nxb5 Nc4 33. Rc3
Rxb5 34. Rxc4 Rb8 35. Kf1 g6 36. Rc7 Ra8 37. Ke2 Kg7 38. Kd3 a5 39. Rc3 Kf6 40.
Ra3 Ke5 41. Kc4 h5 42. Kc5 a4 43. Kc6 Rc8+ 44. Kb5 Rc2 45. f4+ Kf5 46. g3 Rh2
47. h4 Rh3 48. Rxa4 Rxg3 49. Ra7 Kf6 0-1

[Event "Rimouski op"]
[Site "Rimouski CAN"]
[Date "2003.05.16"]
[Round "1"]
[White "Paquette, Pascal"]
[Black "Saint-Pierre, Steve"]
[Result "0-1"]
[WhiteElo "1400"]
[BlackElo "1794"]
[PlyCount "86"]
[EventDate "2003.05.16"]
[EventType "swiss"]
[EventRounds "5"]
[EventCountry "CAN"]

1. e4 e6 2. d4 d5 3. e5 c5 4. Bb5+ Bd7 5. Bxd7+ Qxd7 6. c3 Nc6 7. Ne2 Nge7 8.
O-O h5 9. Be3 Nf5 10. Nd2 h4 11. Nf3 Be7 12. dxc5 Nxe3 13. fxe3 Bxc5 14. Ned4
a6 15. Qe2 Be7 16. e4 h3 17. g3 O-O-O 18. Rad1 dxe4 19. Qxe4 Qd5 20. Qxd5 Rxd5
21. Nxc6 bxc6 22. Nd4 Rf8 23. Nxc6 Bc5+ 24. Kh1 Kc7 25. Rxd5 exd5 26. Nb4 Bxb4
27. cxb4 Kd7 28. Rc1 Re8 29. Kg1 Rxe5 30. Kf2 Kd6 31. Rc8 Kd7 32. Ra8 Re6 33.
Ra7+ Ke8 34. Ra8+ Ke7 35. Ra7+ Kf6 36. Rd7 Rc6 37. Rxd5 Rc2+ 38. Kg1 Rg2+ 39.
Kf1 Rxh2 40. Rd6+ Kg5 41. Rxa6 Rxb2 42. Ra8 Rb1+ 43. Kf2 h2 0-1

[Event "Rimouski op"]
[Site "Rimouski CAN"]
[Date "2003.05.17"]
[Round "2"]
[White "Beaulieu, Stephane"]
[Black "Ouimet, Bruno"]
[Result "1-0"]
[WhiteElo "1410"]
[BlackElo "1247"]
[PlyCount "91"]
[EventDate "2003.05.16"]
[EventType "swiss"]
[EventRounds "5"]
[EventCountry "CAN"]

1. e4 c5 2. c3 d6 3. d4 cxd4 4. cxd4 Nc6 5. Nf3 Bg4 6. Be2 Bxf3 7. Bxf3 Qb6 8.
d5 Ne5 9. Qa4+ Nd7 10. O-O g6 11. Nc3 Rc8 12. Be3 Qa6 13. Qxa6 bxa6 14. Rfc1
Nc5 15. Bd4 Bh6 16. Bxh8 Bxc1 17. Rxc1 f6 18. Na4 Kd7 19. Nxc5+ Rxc5 20. Bg4+
Ke8 21. Rxc5 dxc5 22. Be6 Kf8 23. Kf1 Nh6 24. Ke2 Nf7 25. Bxf7 Kxf7 26. Kd3 Kg8
27. Bxf6 exf6 28. Kc4 Kf7 29. Kxc5 Ke7 30. Kc6 Kd8 31. f4 a5 32. e5 fxe5 33.
fxe5 h5 34. e6 g5 35. e7+ Kxe7 36. Kc7 g4 37. d6+ Ke6 38. d7 h4 39. d8=Q h3 40.
g3 a4 41. Qd6+ Kf5 42. Kd7 a5 43. Qe6+ Kg5 44. Ke7 a3 45. Kf7 axb2 46. Qg6# 1-0

[Event "Rimouski op"]
[Site "Rimouski CAN"]
[Date "2003.05.17"]
[Round "2"]
[White "Saint-Pierre, Steve"]
[Black "Slater, Sylvain"]
[Result "0-1"]
[WhiteElo "1794"]
[BlackElo "1399"]
[PlyCount "63"]
[EventDate "2003.05.16"]
[EventType "swiss"]
[EventRounds "5"]
[EventCountry "CAN"]

1. c4 d6 2. Nf3 g6 3. Nc3 Bg7 4. d4 Nf6 5. Bg5 O-O 6. Qd2 Nbd7 7. e4 e5 8. d5
a5 9. Bd3 Nc5 10. Bc2 Bg4 11. Ng1 Qe8 12. f3 Bd7 13. g4 b5 14. cxb5 Bxb5 15. h4
c6 16. Nxb5 cxb5 17. h5 Qc8 18. Bxf6 Bxf6 19. hxg6 fxg6 20. g5 Be7 21. Ke2 b4
22. Rf1 Qa6+ 23. Ke1 Rac8 24. Rf2 Rf7 25. Rfh2 a4 26. Rh3 b3 27. axb3 axb3 28.
Bb1 Qa1 29. Ne2 Qxb1+ 30. Kf2 Qd3 31. Qe1 Bxg5 32. Ng3 0-1

[Event "Rimouski op"]
[Site "Rimouski CAN"]
[Date "2003.05.17"]
[Round "2"]
[White "Sauve, Richard"]
[Black "Laroche, Claude"]
[Result "0-1"]
[WhiteElo "2047"]
[BlackElo "1582"]
[PlyCount "68"]
[EventDate "2003.05.16"]
[EventType "swiss"]
[EventRounds "5"]
[EventCountry "CAN"]

1. d4 Nf6 2. c4 c5 3. d5 g6 4. Nc3 Bg7 5. e4 d6 6. f4 O-O 7. Be2 a6 8. a4 Ne8
9. Nf3 Bg4 10. O-O Nd7 11. Be3 Qc8 12. h3 Bxf3 13. Bxf3 Nef6 14. Qd2 Kh8 15.
Rae1 Ng8 16. Kh1 Qc7 17. Bf2 Rae8 18. g4 e6 19. dxe6 fxe6 20. Bg3 Ne7 21. Rd1
Nb6 22. b3 Nc6 23. Ne2 Rd8 24. g5 Qe7 25. h4 e5 26. Kg2 Nd4 27. Nxd4 cxd4 28.
Rde1 Nd7 29. Bd1 exf4 30. Rxf4 Rxf4 31. Bxf4 Ne5 32. Rf1 Nc6 33. Bf3 Rf8 34.
Kg3 Rxf4 0-1

[Event "Rimouski op"]
[Site "Rimouski CAN"]
[Date "2003.05.17"]
[Round "3"]
[White "Laroche, Claude"]
[Black "Berube, Antoine"]
[Result "1/2-1/2"]
[WhiteElo "1582"]
[BlackElo "1680"]
[PlyCount "54"]
[EventDate "2003.05.16"]
[EventType "swiss"]
[EventRounds "5"]
[EventCountry "CAN"]

1. Nf3 d5 2. b3 Nf6 3. Bb2 g6 4. e3 Bg7 5. Nc3 O-O 6. d4 Bg4 7. Be2 c6 8. O-O
Qc7 9. Ba3 Re8 10. Nd2 Bxe2 11. Nxe2 Ng4 12. Ng3 f5 13. h3 Nf6 14. Rc1 e5 15.
dxe5 Qxe5 16. c4 Bf8 17. Nf3 Qe6 18. Bxf8 Rxf8 19. cxd5 Nxd5 20. e4 fxe4 21.
Ng5 Qe7 22. N5xe4 Nd7 23. Qd4 Qe5 24. Qxe5 Nxe5 25. Nd6 Rab8 26. Ne2 Nf7 27.
Nc4 Rfe8 1/2-1/2

[Event "Rimouski op"]
[Site "Rimouski CAN"]
[Date "2003.05.17"]
[Round "3"]
[White "Leclerc, Mathieu"]
[Black "Beaulieu, Stephane"]
[Result "0-1"]
[WhiteElo "1373"]
[BlackElo "1410"]
[PlyCount "80"]
[EventDate "2003.05.16"]
[EventType "swiss"]
[EventRounds "5"]
[EventCountry "CAN"]

1. e4 e5 2. Nf3 Nc6 3. Bb5 a6 4. Ba4 Nf6 5. O-O Be7 6. Re1 b5 7. Bb3 O-O 8. c3
Na5 9. Nxe5 Nxb3 10. axb3 Bb7 11. d3 d5 12. exd5 Bxd5 13. Bg5 Bd6 14. b4 Re8
15. f4 Qc8 16. Bxf6 gxf6 17. Nf3 Rxe1+ 18. Qxe1 Bxf4 19. Qf2 Qf5 20. d4 Re8 21.
Kh1 Bxf3 22. gxf3 Qh3 23. Na3 Re3 24. Qg2+ Qxg2+ 25. Kxg2 Re2+ 26. Kh3 f5 27.
Rg1+ Kf8 28. Rg2 Rxg2 29. Kxg2 Bc1 30. c4 c6 31. cxb5 axb5 32. Nc2 Ke7 33. b3
Kd6 34. Kf2 Kd5 35. Ke2 f4 36. Kd3 Bb2 37. Ke2 Bxd4 38. Nxd4 Kxd4 39. Kd2 h6
40. h3 h5 0-1

[Event "Rimouski op"]
[Site "Rimouski CAN"]
[Date "2003.05.17"]
[Round "3"]
[White "Martin, Denis"]
[Black "Molloy, Francis"]
[Result "1-0"]
[WhiteElo "1323"]
[BlackElo "1413"]
[PlyCount "39"]
[EventDate "2003.05.16"]
[EventType "swiss"]
[EventRounds "5"]
[EventCountry "CAN"]

1. e4 c5 2. Nf3 d6 3. d4 cxd4 4. Nxd4 Nf6 5. Nc3 a6 6. Bc4 e6 7. Bb3 Nc6 8. Bg5
Be7 9. f3 Na5 10. Qd2 Nxb3 11. Nxb3 h6 12. Be3 O-O 13. O-O-O Qc7 14. g4 Nh7 15.
h4 Rd8 16. g5 hxg5 17. hxg5 Nf8 18. Qh2 Ng6 19. Qh7+ Kf8 20. Qh8+ 1-0